| 000 | 00343nam a2200133Ia 4500 | ||
|---|---|---|---|
| 008 | 240624s9999 xx 000 0 und d | ||
| 041 | _aeng | ||
| 082 | _a953.805 COL | ||
| 100 | _aCOLL STEVE | ||
| 245 | _aBIN LADENS THE STORY OF A FAMILY AND ITS | ||
| 260 |
_c2008 _aNew Delhi _bAllen Lane |
||
| 300 | _a671 : p. : cm. ; 24 | ||
| 365 |
_cRS _b20 |
||
| 999 |
_c11741 _d11741 |
||